000 00679nam a22002177a 4500
999 _c15086
_d15086
003 AR-CdUCM
008 190425b ||||| |||| 00| 0 spa d
020 _a968167352-2
040 _aMUNICIPALIDAD PROVINCIAL DEL CUSCO
_cBIBLIOTECA MUNICIPAL DEL CUSCO
082 _aPi / 803 /
_bA56
100 _aAnno, Mitsumasa
_934105
245 _aLas semillas mágicas /
260 _aMéxico :
_bFondo de cultura económica,
_c2004.
300 _bIlustraciones,
_c25 cm.
500 _aNo cuenta con numeración de paginas
650 _aSemillas mágicas
_934106
650 _aInfantil
_96210
650 _aPrimera infancia
_924660
942 _2ddc
_cLIBROS
945 _adavv
_d25/04/2019